|
|
|
|
| LEADER |
01438nam a2200349 a 4500 |
| 001 |
EBC3320100 |
| 003 |
MiAaPQ |
| 005 |
20200520144314.0 |
| 006 |
m o d | |
| 007 |
cr cn||||||||| |
| 008 |
130910s2013 gw ad sbm 000 0 ger d |
| 020 |
|
|
|z 9783862195145
|
| 020 |
|
|
|z 9783862195992 (e-book)
|
| 035 |
|
|
|a (MiAaPQ)EBC3320100
|
| 035 |
|
|
|a (Au-PeEL)EBL3320100
|
| 035 |
|
|
|a (CaPaEBR)ebr10752187
|
| 035 |
|
|
|a (OCoLC)929118006
|
| 040 |
|
|
|a MiAaPQ
|c MiAaPQ
|d MiAaPQ
|
| 050 |
|
4 |
|a TN751
|b .E45 2013
|
| 100 |
1 |
|
|a Ellermann, Arne.
|
| 245 |
1 |
4 |
|a Der Bauschingereffekt bei verguteten, bainitischen und normalisierten Zustanden der Stahle 42CrMoS4 und 100Cr6
|h [electronic resource] /
|c Arne Ellermann.
|
| 260 |
|
|
|a Kassel :
|b Kassel University Press,
|c 2013.
|
| 300 |
|
|
|a xii, 245 p. :
|b ill. (some col.).
|
| 490 |
0 |
|
|a Forschungsberichte aus dem Institut fur Werkstofftechnik Metallische Werkstoffe der Universitat Kassel ;
|v Bd. 15
|
| 502 |
|
|
|a Dissertation--Kassel Univ., 2012.
|
| 504 |
|
|
|a Includes bibliographical references.
|
| 533 |
|
|
|a Electronic reproduction. Ann Arbor, MI : ProQuest, 2015. Available via World Wide Web. Access may be limited to ProQuest affiliated libraries.
|
| 650 |
|
0 |
|a Steel
|x Heat treatment.
|
| 650 |
|
0 |
|a Bauschinger effect.
|
| 655 |
|
4 |
|a Electronic books.
|
| 710 |
2 |
|
|a ProQuest (Firm)
|
| 856 |
4 |
0 |
|u https://ebookcentral.proquest.com/lib/matrademy/detail.action?docID=3320100
|z Click to View
|